College algebra. (7th ed.) (Record no. 79453)

MARC details
000 -LEADER
fixed length control field 00780nam a2200193 a 4500
008 - FIXED-LENGTH DATA ELEMENTS--GENERAL INFORMATION
fixed length control field 120416s1988 ||||||||||||||||| || u
020 ## - INTERNATIONAL STANDARD BOOK NUMBER
International Standard Book Number 0534085563
050 ## - LIBRARY OF CONGRESS CALL NUMBER
Classification number QA 154.2 Gra
100 ## - MAIN ENTRY--PERSONAL NAME
Personal name Grady, Michael D
245 10 - TITLE STATEMENT
Title College algebra. (7th ed.)
250 ## - EDITION STATEMENT
Edition statement 7th.ed
260 ## - PUBLICATION, DISTRIBUTION, ETC.
Place of publication, distribution, etc. Belmont, California
Name of publisher, distributor, etc. Wadsworth Publishing Company
Date of publication, distribution, etc. 1988
300 ## - PHYSICAL DESCRIPTION
Extent xvi, 499p. In various pag : ill
350 ## -
-- 0.00
650 #0 - SUBJECT ADDED ENTRY--TOPICAL TERM
Topical term or geographic name entry element ALGEBRA
700 ## - ADDED ENTRY--PERSONAL NAME
Personal name Beckenbach, Edwin F
995 ## -
-- BINDERY (DAMAGED)
-- 0.00
-- 725401
-- CBU-MAIN LIBRARY (Kitwe)
-- 1
-- 0.00
-- QA 154.2 Gra
-- 1
-- DAMAGED
-- 011017
-- Main Library Open Access Collection
995 ## -
-- ANNEX COLLECTION (Main Library)
-- 0.00
-- 725400
-- CBU-MAIN LIBRARY (Kitwe)
-- 2
-- 0.00
-- QA 154.2 Gra
-- 2
-- AVAILABLE
-- 011029
-- Annex Low-Usage Collection
999 ## -
-- 79453
-- 79453
Holdings
Withdrawn status Lost status Source of classification or shelving scheme Damaged status Not for loan Permanent Location Current Location Shelving location Date acquired Total Checkouts Full call number Barcode Date last seen Copy number Price effective from Koha item type
          CBU-MAIN LIBRARY, KITWE. CBU-MAIN LIBRARY, KITWE.   06/29/2023   QA 154.2 Gra 011017 06/29/2023 1 06/29/2023 MONOGRAPH
          CBU-MAIN LIBRARY, KITWE. CBU-MAIN LIBRARY, KITWE.   06/29/2023   QA 154.2 Gra 011029 06/29/2023 2 06/29/2023 MONOGRAPH